000
00387nam a2200145Ia 4500
008
200619s9999 xx 000 0 und d
020
_a
8189524340
082
_a
342.085BOB
100
_a
Clifford Bob
245
0
_a
Dalit Rights are Human Rights
264
_a
New Delhi
_b
Critical Quest
_c
2008
300
_a
32
942
_c
IR
999
_c
119647
_d
119647